• 首页
  • 本馆介绍
  • 公告通知
  • 最新文献
  • 馆藏检索
  • 电子资源
  • 读者导购
  • 参考咨询
  • 我的图书馆
  • 登录
  • 详细信息显示
  • 放入我的书架
  • 预约/预借图书
  • 作者相关作品
  • 分类相关作品
  • 丛书相关作品
  • 出版社相关作品

书目信息

  • 表格格式
  • 工作单格式
  • 卡片格式
题名:
平面构成
    
 
作者: 张鸿博 , 明兰 , 任怡 主编
分册:  
出版信息: 北京   清华大学出版社  2020.11
页数: 165页
开本: 26cm
丛书名: 普通高等院校"十三五"艺术与设计专业规划教材
单 册:
中图分类: J061 , J511
科图分类:
主题词: 平面构成(艺术)--高等学校--教材
电子资源:
ISBN: 978-7-5121-3664-9
000 01493nam 2200337 45
001 489783
005 20211020162629.03
010    @a978-7-5121-3664-9@dCNY58.00
099    @aCAL 012018178904
100    @a20181119d2018 ek y0chiy0110 ea
101 0  @achi
102    @aCN@b110000
105    @aa a 000yy
106    @ar
200 1  @a平面构成@Aping mian gou cheng@f主编张鸿博, 明兰, 任怡
205    @a第2版
210    @a北京@c清华大学出版社@c北京交通大学出版社@d2020.11
215    @a165页@c彩图@d26cm
225 2  @a普通高等院校"十三五"艺术与设计专业规划教材@Apu tong gao deng yuan xiao " shi san wu " yi shu yu she ji zhuan ye gui hua jiao cai
320    @a有书目 (第165页)。
330    @a本书从平面构成的理论入手,系统地保留了部分传统教学内容,同时增加了当代的新案例,并使用当下具有创新风格的设计作为案例分析与练习范本,使教材内容更全面。本书内容包括概述、平面构成的形式美法则、平面构成的基本元素、基本形与骨骼、平面构成的基本形式,以及平面构成在现代设计中的应用,全方位地介绍了平面构成的规律与方法。
333    @a高等院校艺术设计类、环境艺术类、工业设计类专业师生、高等职业院校相关专业师生、以及广大艺术设计工作者和艺术设计爱好者
461  0 @12001 @a普通高等院校"十三五"艺术与设计专业规划教材
606 0  @a平面构成(艺术)@x高等学校@j教材
690    @aJ061@v5
690    @aJ511@v5
701  0 @a张鸿博@Azhang hong bo@4主编
701  0 @a明兰@Aming lan@4主编
701  0 @a任怡@Aren yi@4主编
801    @aCN@b江苏凤凰@c20211018
905    @b1356358-61@dJ061@e639=2@f4
    
    平面构成/主编张鸿博, 明兰, 任怡.-第2版.-北京:清华大学出版社:北京交通大学出版社,2020.11
    165页:彩图;26cm.-(普通高等院校"十三五"艺术与设计专业规划教材)
    使用对象:高等院校艺术设计类、环境艺术类、工业设计类专业师生、高等职业院校相关专业师生、以及广大艺术设计工作者和艺术设计爱好者
    
    ISBN 978-7-5121-3664-9:CNY58.00
    本书从平面构成的理论入手,系统地保留了部分传统教学内容,同时增加了当代的新案例,并使用当下具有创新风格的设计作为案例分析与练习范本,使教材内容更全面。本书内容包括概述、平面构成的形式美法则、平面构成的基本元素、基本形与骨骼、平面构成的基本形式,以及平面构成在现代设计中的应用,全方位地介绍了平面构成的规律与方法。
●
相关链接 在E读中查询图书 在五车中查询图书 在当当中查询图书 在豆瓣中查询图书


正题名:平面构成     索取号:J061/639=2         预约/预借

序号 登录号 条形码 馆藏地/架位号 状态 备注
1 1356358   213563589   第一样本阅览室/ [索取号:J061/639=2] 在馆    
2 1356359   213563598   第一借阅区/ [索取号:J061/639=2] 在馆    
3 1356360   213563605   第一借阅区/ [索取号:J061/639=2] 在馆    
4 1356361   213563614   第一借阅区/ [索取号:J061/639=2] 在馆    
唐山师范学院图书馆 欢迎您!
大连网信软件有限公司© 版权所有